Statistics for Na vlásku - Svítá nám (text)

Click here to take the quiz!

General Stats

  • This quiz has been taken 20 times
  • The average score is 126 of 176

Answer Stats

Answer% Correct
a
100%
z
100%
na
92%
se
92%
svítá
92%
že
92%
byl
83%
83%
83%
jak
83%
je
83%
jsem
83%
k
83%
83%
Mně
83%
náhle
83%
Náhle
83%
nám
83%
slepá
83%
v
83%
zvedá
83%
byla
75%
být
75%
hvězd
75%
jen
75%
Mlha
75%
Říkám
75%
sama
75%
si
75%
75%
tu
75%
za
75%
zdá
75%
bludu
67%
čas
67%
Dlouhé
67%
dnů
67%
dny
67%
Horké
67%
i
67%
jasné
67%
jsi
67%
kde
67%
mám
67%
nejspíš
67%
oslněná
67%
sny
67%
svět
67%
tam
67%
Teď
67%
Tma
67%
tváře
67%
září
67%
Září
67%
žil
67%
ztrácela
67%
Chvěju
58%
co
58%
do
58%
docela
58%
hloupý
58%
hnal
58%
jenom
58%
Jiný
58%
jsou
58%
mých
58%
mým
58%
oknem
58%
plamínkům
58%
Ptal
58%
Roky
58%
smíchu
58%
58%
věci
58%
vím
58%
vítá
58%
vzdává
58%
žít
58%
jinak
50%
všechno
50%
Najednou
42%
snem
42%
to
42%
Vidím
42%
můj
33%
Náhodou
33%
převrátit
33%
přijdeš
33%
stihneš
33%
světlem
33%
Záříš
33%
život
33%
zničehonic
33%

Score Distribution

Percentile by Number Answered

Percent of People with Each Score

Your Score History

You have not taken this quiz